| 000 | 00967nam a22003377i 4500 | ||
|---|---|---|---|
| 003 | URS | ||
| 005 | 20220117094613.0 | ||
| 008 | 170802b xxu||||| |||| 00| 0 eng d | ||
| 020 | _a0-534-45870-5 | ||
| 040 |
_erda _cURSR _beng |
||
| 041 | _aeng | ||
| 042 | _aDMLUC | ||
| 050 | 0 | 0 |
_aHV 37 _bC7391 1999 |
| 100 | 1 |
_aCompton, Beulah Roberts, _eauthor |
|
| 245 | 1 | 0 |
_aSocial work processes / _cBeulah R. Compton, Burt Galaway |
| 250 | _aSix edition | ||
| 264 | 1 |
_aUSA: _bBrooks/Cole, PUBLISHNG COMPANY, _c[1999] |
|
| 264 | 4 | _c©1999 | |
| 300 |
_axvii, 559 pages: _c25 cm _billustrations |
||
| 336 |
_2rdacontent _atext |
||
| 338 |
_2rdacarrier _avolume |
||
| 500 | _aIncludes,Bibliography,References,Index | ||
| 650 | _a*Social service. | ||
| 650 | _aSocial case work. | ||
| 650 |
_aSocial service _zUnited States. |
||
| 650 |
_aSocial case work _zUnited States. |
||
| 700 | _aGalaway, Burt. | ||
| 905 | _aFO | ||
| 942 |
_2lcc _cFR |
||
| 999 |
_c11467 _d11467 |
||